01020cam a2200289 a 4500001000500000005001700005020001700022020001400039040002300053050002300076082001500099100002000114245007700134250004600211260003400257300003700291490002100328500002900349505000700378520018400385521001700569521001700586650002600603650002100629650003500650700004500685212620250206161043.0 a0375813675 ( a037591367 aDLCcDLCdDLCbeng00aPZ7.R8139bRu 200200221a813.541 aRoy, Rond1940-14aThe runaway racehorse /cby Ron Roy ; illustrated by John Steven Gurney. aFirst Scholastic printing, September 2003 aNew York :bScholastic,c2002 a84 pages :billustrationsc21 cm1 aA to Z mysteries a"A Stepping Stone book." aK  aDink, Josh, and Ruth Rose investigate the disappearance of a valuable racehorse that Dink's uncle and his friend, Forest Evans, have just bought and entered in a race at Saratoga.0 a580 bLexile0 aK bRaz-Plus 1aRace horsesvFiction. 1aHorsesvFiction. 1aMystery and detective stories.1 aGurney, John Stevend1962-eillrustrator